Komunikačný mix občianského združenia Eurocord diplomová práca

Gespeichert in:
Bibliographische Detailangaben
1. Verfasser: Partlová, Petronela
Körperschaft: Obchodná fakulta EU. Katedra marketingu
Weitere Verfasser: Balhar, Vítězslav, Jr
Format: Buch
Sprache:Slowakisch
Veröffentlicht: Bratislava 2011
Tags: Tag hinzufügen
Keine Tags, Fügen Sie das erste Tag hinzu!

MARC

LEADER 00000nbm a2200000 4500
001 0140379
005 20161109101930.6
041 0 |a slo 
044 |a SK 
245 1 0 |a Komunikačný mix občianského združenia Eurocord  |b diplomová práca  |c Petronela Partlová ; školiteľ: Vítězslav Balhar 
264 1 |a Bratislava  |c 2011 
300 |a 94 s. 
100 1 |a Partlová, Petronela 
700 1 |a Balhar, Vítězslav, Jr. 
710 2 |a Obchodná fakulta EU. Katedra marketingu